<?xml version="1.0" encoding="UTF-8"?>
<record
    xmlns:xsi="http://www.w3.org/2001/XMLSchema-instance"
    xsi:schemaLocation="http://www.loc.gov/MARC21/slim http://www.loc.gov/standards/marcxml/schema/MARC21slim.xsd"
    xmlns="http://www.loc.gov/MARC21/slim">

  <leader>01521nam a2200205Ia 4500</leader>
  <controlfield tag="001">a1776-44325 </controlfield>
  <controlfield tag="003">IT-MiCISF</controlfield>
  <controlfield tag="008">161014s9999||||xx |||||||||||||| ||und||</controlfield>
  <datafield tag="040" ind1=" " ind2=" ">
    <subfield code="a">IT-MiCISF</subfield>
    <subfield code="c">IT-MiCISF</subfield>
  </datafield>
  <datafield tag="041" ind1=" " ind2=" ">
    <subfield code="a">it</subfield>
  </datafield>
  <datafield tag="100" ind1=" " ind2=" ">
    <subfield code="a">Pandolfi Massimo</subfield>
  </datafield>
  <datafield tag="245" ind1=" " ind2="0">
    <subfield code="a">L'inguaribile voglia di vivere</subfield>
  </datafield>
  <datafield tag="250" ind1=" " ind2=" ">
    <subfield code="a">1a ed.</subfield>
  </datafield>
  <datafield tag="260" ind1=" " ind2=" ">
    <subfield code="a"> Milano</subfield>
    <subfield code="b">Edizioni Ares</subfield>
    <subfield code="c">2007</subfield>
  </datafield>
  <datafield tag="300" ind1=" " ind2=" ">
    <subfield code="a">pp. 176</subfield>
  </datafield>
  <datafield tag="500" ind1=" " ind2=" ">
    <subfield code="a">Prefazione di Melazzini Mario / speranza-di-vita, malato-oncologico, malato-terminale, cura, senso-della-vita, diritto-alla-vita / L'A., caporedattore del Resto del Carlino-Qn, ha raccolto in questo libro le storie di alcuni malati di Sla (Sclerosi laterale amiotrofica) o con patologie simili; malattie che tolgono ogni movimento del corpo ma risparmiano il cervello, il cuore, l'anima. Racconti in presa diretta, drammatici ma al tempo stesso gioiosi; questi testimoni insegnano nella malattia il valore della vita e l'amore per le cose pi&#xF9; piccole che ci &#xE8; dato di fare e condividere ogni giorno. Se a livello politico e mediatico chi vuole morire fa notizia, non fa notizia chi, magari trovandosi in identiche o peggiori condizioni,  viene volutamente trascurato. Ma i protagonisti di questo libro insegnano che quando si sono conservate intatte le proprie capacit&#xE0; cognitive &#xE8; comunque possibile pensare a ci&#xF2; che si &#xE8; in grado di  fare piuttosto che a quello cui non si &#xE8; pi&#xF9; in grado di ottemperare.</subfield>
  </datafield>
  <datafield tag="650" ind1=" " ind2=" ">
    <subfield code="a"> Temi di bioetica / salute-cura</subfield>
    <subfield code="e">011</subfield>
  </datafield>
  <datafield tag="942" ind1=" " ind2=" ">
    <subfield code="c">BK</subfield>
  </datafield>
  <datafield tag="957" ind1=" " ind2=" ">
    <subfield code="7">1</subfield>
  </datafield>
  <datafield tag="999" ind1=" " ind2=" ">
    <subfield code="a">44325</subfield>
    <subfield code="b">si</subfield>
    <subfield code="g">1</subfield>
    <subfield code="c">217423</subfield>
    <subfield code="d">217423</subfield>
  </datafield>
  <datafield tag="952" ind1=" " ind2=" ">
    <subfield code="0">0</subfield>
    <subfield code="1">0</subfield>
    <subfield code="4">0</subfield>
    <subfield code="6">A_177644325</subfield>
    <subfield code="7">1</subfield>
    <subfield code="a">CISF</subfield>
    <subfield code="b">CISF</subfield>
    <subfield code="d">2016-10-14</subfield>
    <subfield code="l">0</subfield>
    <subfield code="o">a1776-44325 </subfield>
    <subfield code="r">2016-10-14 00:00:00</subfield>
    <subfield code="w">2016-10-14</subfield>
    <subfield code="y">BK</subfield>
    <subfield code="z">Data import 15.10.2016 / by Epidotti, Vaglietti</subfield>
  </datafield>
</record>
